What makes a missionary. (Record no. 10160)

000 -LEADER
fixed length control field 00631nam a2200205 a 4500
001 - CONTROL NUMBER
control field :::00007945$&:&@@
003 - CONTROL NUMBER IDENTIFIER
control field OkBaRHE
005 - DATE AND TIME OF LATEST TRANSACTION
control field 20100401153301.0
008 - FIXED-LENGTH DATA ELEMENTS--GENERAL INFORMATION
fixed length control field s1987 j 000 0 eng u
020 ## - INTERNATIONAL STANDARD BOOK NUMBER
International Standard Book Number 0802452043 (pbk.)
040 ## - CATALOGING SOURCE
Transcribing agency
100 1# - MAIN ENTRY--PERSONAL NAME
Personal name Howard, David M.
245 10 - TITLE STATEMENT
Title What makes a missionary.
260 ## - PUBLICATION, DISTRIBUTION, ETC. (IMPRINT)
Place of publication, distribution, etc Chicago, IL., :
Name of publisher, distributor, etc Moody Press
Date of publication, distribution, etc 1987
300 ## - PHYSICAL DESCRIPTION
Extent 96 p. : illus. ;
Dimensions 22 cm.
650 ## - SUBJECT ADDED ENTRY--TOPICAL TERM
Topical term or geographic name as entry element Missionaries
General subdivision Appointment, call, and election
650 ## - SUBJECT ADDED ENTRY--TOPICAL TERM
Topical term or geographic name as entry element Missions
942 ## - ADDED ENTRY ELEMENTS (KOHA)
Source of classification or shelving scheme
Koha item type Books
Copies
Shelving location Withdrawn status Source of classification or shelving scheme Permanent Location Date acquired Not for loan Copy number Damaged status Date last seen Price effective from Lost status Barcode Full call number Koha item type
General Stacks  RHEMA Bible Training College2010-04-14 1 2010-04-142010-04-14 7945BV 2063 .H68 1987Books